000 01334nam a2200385 a 4500
001 60916
003 BD-RjUL
005 20211209080909.0
008 170104s2007 dcuab b i000 0 eng
020 _a9780821369494 (pbk.)
020 _a0821369490 (pbk.)
020 _a0821369504
020 _a9780821369500
035 _a(BD-RjUL)61040
040 _aBD-RjUL
_cBD-RjUL
_dBD-RjUL
_beng
041 _aeng
082 _223
_a368.382091724
_bHSS 2007
100 1 _aHsiao, William C.
_9181638
245 1 0 _aSocial health insurance for developing nations /
_cWilliam C. Hsiao and R. Paul Shaw, with contributions by Andrew Fraker ... [et al.].
260 _aWashington, D.C. :
_bWorld Bank,
_cc2007.
300 _axi, 172 p. :
_bill. ;
_c27 cm.
504 _aIncludes bibliographical references.
650 0 _aHealth insurance
_zDeveloping countries.
_9181640
650 0 _aSocial security
_zDeveloping countries.
_9181641
650 1 2 _aHealth, insurance.
_9181642
650 1 2 _aSocial Security
_xeconomics.
_9181643
650 2 2 _aDeveloping Countries.
_9172297
650 2 2 _aHealth Policy.
_9178508
700 1 _aShaw, R. Paul.
_9181644
700 1 _aFraker, Andrew.
_9181645
710 2 _aWorld Bank.
_9171728
830 _aWBI development studies
_9181648
942 _2ddc
_cBK
999 _c60916
_d60916